000 00238nam a2200097Ia 4500
008 200302s9999 xx 000 0 und d
100 _aN. T. Fujii
245 _aGlobal Arcitectire Document
260 _bYokio Futagawa Publisher
260 _c1980
999 _c382
_d382